000 01278nam a2200325Ia 4500
001 ebr10018405
003 CaPaEBR
006 m u
007 cr cn|||||||||
008 010216s2002 caua s 001 0 eng d
010 _z 2001030346
020 _z1886411697 (pbk.)
040 _aCaPaEBR
_cCaPaEBR
035 _a(OCoLC)70759003
050 1 4 _aTK5105.8885.M57
_bD86 2002eb
082 0 4 _a005.2/76
_221
100 1 _aDunaway, Robert B.
245 1 4 _aThe book of visual studio.Net
_h[electronic resource] :
_baguide for developers /
_cRobert B. Dunaway.
260 _aSan Francisco, Calif. :
_bNo Starch Press,
_cc2002.
300 _axix, 369 p. :
_bill.
500 _aIncludes index.
533 _aElectronic reproduction.
_bPalo Alto, Calif. :
_cebrary,
_d2013.
_nAvailable via World Wide Web.
_nAccess may be limited to ebrary affiliated libraries.
630 0 0 _aMicrosoft Visual studio.
650 0 _aMicrosoft .NET Framework.
650 0 _aWeb site development
_xComputer programs.
650 0 _aApplication software
_xDevelopment
_xComputer programs.
655 7 _aElectronic books.
_2local
710 2 _aebrary, Inc.
856 4 0 _uhttp://site.ebrary.com/lib/rucke/Doc?id=10018405
_zAn electronic book accessible through the World Wide Web; click to view
999 _c29471
_d29471